000
00333pam a2200145 a 4500
020
_c
041
_a
eng
082
_b
GRA
100
_a
Grace, Eric.
245
_a
Biotechnogy Unzipped Promises and Realitise
_h
Textual Documents
250
_a
1997.
260
_a
[s.l]:
_b
Joseph Henry Press
300
_a
248 pg .
930
_a
7479
999
_c
84390
_d
84390